000 00778nam a2200217Ia 4500
003 GCL
008 140319s9999 xx 000 0 ara d
040 _aGCL /
_cGCL
082 0 4 _a371.26
_bز ا
100 1 _aزيد الهوارى
245 1 0 _aاساسيات القياس والتقويم التربوى /
_cزيد الهوارى
250 _aالاولى
260 _aالامارات :
_bدار الكتاب الجامعى ،
_c2004
300 _a270 ص ؛
_c30 سم
650 0 4 _aالاختبارات
650 0 4 _aالاختبارات والقياسات التعليمية
650 0 4 _aالتعليم - الطرق الاحصائيه
650 0 4 _aالتعليم - الطرق التجريبية
650 0 4 _aالتقويم التربوى
942 _2ddc
_cBK
999 _c32173
_d32173